Une particule fantome: le neutrino

Saved in:
Bibliographic Details
Format: Book
Language:French
Published: París Dunod 1970
Subjects:
Tags: Add Tag
No Tags, Be the first to tag this record!

MARC

LEADER 00000nam a2200000 a 4500
001 UCT2953
003 CL-VaPUC
008 961018e19700000FR |||||||||||||||||fre|d
082 0 4 |a 539.14  |b ASI  |2 21 
245 1 4 |a Une particule fantome: le neutrino 
300 |a 168 p 
942 |c BK 
945 |d 19961018 00:00:00  |a cmena 
260 |a París  |b Dunod  |c 1970 
650 0 |a Átomos  |9 259583 
650 0 |a Teoría cuántica  |9 266148 
650 7 |a NEUTRONES  |2 CL-VaPUC  |9 313669 
650 0 |a Cinética  |9 260943 
650 0 |a Núcleos atómicos  |9 357366 
650 7 |a FISICA NUCLEAR  |2 CL-VaPUC  |9 270366 
650 7 |a MASA ATOMICA  |2 CL-VaPUC  |9 369821 
650 7 |a TEORIA ATOMICA  |2 CL-VaPUC  |9 313933 
650 7 |a PROPIEDADES ATOMICAS  |2 CL-VaPUC  |9 360510 
583 |a last modification  |c 19961018 00:00:00  |k Rodrigo Vera 
999 |c 252840  |d 252838